000 00335nam a22001457a 4500
008 210301b ||||| |||| 00| 0 eng d
020 _a9780201338683
041 _aeng
080 _25th
_a510
082 _a510
100 _a36
101 _aMAT
245 _aFundamentals of Differential Equations
_cNagle, R. K
942 _2udc
_cBK
999 _c55412
_d55412